MARC details
| 000 -LEADER |
| fixed length control field |
04411nam a2200457Ii 4500 |
| 001 - CONTROL NUMBER |
| control field |
9781787560482 |
| 003 - CONTROL NUMBER IDENTIFIER |
| control field |
UtOrBLW |
| 005 - DATE AND TIME OF LATEST TRANSACTION |
| control field |
20210303084839.0 |
| 006 - FIXED-LENGTH DATA ELEMENTS--ADDITIONAL MATERIAL CHARACTERISTICS |
| fixed length control field |
m o d |
| 007 - PHYSICAL DESCRIPTION FIXED FIELD--GENERAL INFORMATION |
| fixed length control field |
cr un||||||||| |
| 008 - FIXED-LENGTH DATA ELEMENTS--GENERAL INFORMATION |
| fixed length control field |
190617t20192019enk o 001 0 eng d |
| 020 ## - INTERNATIONAL STANDARD BOOK NUMBER |
| International Standard Book Number |
9781787560482 (e-book) |
| 040 ## - CATALOGING SOURCE |
| Original cataloging agency |
UtOrBLW |
| Language of cataloging |
eng |
| Description conventions |
rda |
| Transcribing agency |
UtOrBLW |
| 050 #4 - LIBRARY OF CONGRESS CALL NUMBER |
| Classification number |
JA71 |
| Item number |
.P65 2019 |
| 072 #7 - SUBJECT CATEGORY CODE |
| Subject category code |
JPWD |
| Source |
bicssc |
| 072 #7 - SUBJECT CATEGORY CODE |
| Subject category code |
POL066000 |
| Source |
bisacsh |
| 080 ## - UNIVERSAL DECIMAL CLASSIFICATION NUMBER |
| Universal Decimal Classification number |
321 |
| 082 04 - DEWEY DECIMAL CLASSIFICATION NUMBER |
| Classification number |
320.01 |
| Edition number |
23 |
| 245 00 - TITLE STATEMENT |
| Title |
Political authority, social control and public policy / |
| Statement of responsibility, etc. |
edited by Cara E. Rabe-Hemp, and Nancy S. Lind. |
| 264 #1 - PRODUCTION, PUBLICATION, DISTRIBUTION, MANUFACTURE, AND COPYRIGHT NOTICE |
| Name of producer, publisher, distributor, manufacturer |
Emerald Publishing Limited, |
| 300 ## - PHYSICAL DESCRIPTION |
| Extent |
1 online resource (xiii, 287 pages) ; |
| Dimensions |
cm. |
| 490 1# - SERIES STATEMENT |
| Series statement |
Public policy and governance, |
| International Standard Serial Number |
2053-7697 ; |
| Volume/sequential designation |
volume 31 |
| 500 ## - GENERAL NOTE |
| General note |
Includes index. |
| 505 0# - FORMATTED CONTENTS NOTE |
| Formatted contents note |
Prelims -- Introduction -- The rhetoric of social control -- Part I: Formal mechanisms of social control -- Chapter 1: Police militarization: implications for communities of color -- Chapter 2: Policing communities of color: an historical examination of social control and protest management strategies -- Chapter 3: Community policing, coproduction, and social control: restoring police legitimacy -- Chapter 4: Government regulation and social control of neighborhoods -- Chapter 5: Social control and the politics of public spaces -- Chapter 6: Religion and the state: the politics of social control in Myanmar and the United States -- Part II: Social control through public policy -- Chapter 7: The paradox of state control in the global age of migrations: the 2018 Central American immigrant caravan -- Chapter 8: Social control and serious mental illness: understanding and challenging current ideologies -- Chapter 9: Sex offenders, policies, and social control -- Part III: Resistance and reification: surveillance, political violence, and mass media -- Chapter 10 Expectations of privacy in the age of surveillance: implications for democracy -- Chapter 11 Crime 3.0: understanding the post-industrial challenge to security, policing, and social control -- Chapter 12 The impact of police technology adoption on social control, police accountability, and police legitimacy -- Chapter 13 Government use of social control to address political violence and dissent -- Chapter 14 The need to disrupt social control -- Chapter 15 Mass media, social control, and political authority in a post-truth environment -- Index. |
| 520 ## - SUMMARY, ETC. |
| Summary, etc. |
Political movements and citizens across the globe are increasingly challenging the traditional ways in which political authorities and governing bodies establish and maintain social control. This edited collection examines the intersections of social control, political authority and public policy.Each chapter provides an important insight into the key elements needed to understand the role of governance in establishing and maintaining social control through law and public policymaking. Close attention is paid to the roles of surveillance and dissent as tools for both establishing and disrupting the social control of political institutions. This collection examines the vast implications of increased participation in governance by citizens through dissent, revealing the ways in which this represents both a disruption of social control and a mechanism for increased accountability through surveillance and media. Through its examination of issues such as police militarization, police legitimacy, religion and the state, immigration, mental health policy, privacy and surveillance, and mass media and social control in a post-truth environment, this collection will prove invaluable for researchers, policy makers and practitioners alike. |
| 588 0# - SOURCE OF DESCRIPTION NOTE |
| Source of description note |
Print version record. |
| 650 #0 - SUBJECT ADDED ENTRY--TOPICAL TERM |
| Topical term or geographic name entry element |
Political science |
| General subdivision |
Philosophy. |
| 650 #0 - SUBJECT ADDED ENTRY--TOPICAL TERM |
| Topical term or geographic name entry element |
Social control. |
| 650 #0 - SUBJECT ADDED ENTRY--TOPICAL TERM |
| Topical term or geographic name entry element |
Political planning. |
| 650 #7 - SUBJECT ADDED ENTRY--TOPICAL TERM |
| Topical term or geographic name entry element |
Political Science, Privacy & Surveillance. |
| Source of heading or term |
bisacsh |
| 650 #7 - SUBJECT ADDED ENTRY--TOPICAL TERM |
| Topical term or geographic name entry element |
Pressure groups & lobbying. |
| Source of heading or term |
bicssc |
| 700 1# - ADDED ENTRY--PERSONAL NAME |
| Personal name |
Rabe-Hemp, Cara E., |
| Relator term |
editor. |
| 700 1# - ADDED ENTRY--PERSONAL NAME |
| Personal name |
Lind, Nancy S., |
| Relator term |
editor. |
| 776 ## - ADDITIONAL PHYSICAL FORM ENTRY |
| International Standard Book Number |
9781787560499 |
| 830 #0 - SERIES ADDED ENTRY--UNIFORM TITLE |
| Uniform title |
Public policy and governance ; |
| Volume/sequential designation |
v. 31. |
| International Standard Serial Number |
2053-7697 |
| 856 40 - ELECTRONIC LOCATION AND ACCESS |
| Uniform Resource Identifier |
<a href="https://www.emerald.com/insight/publication/doi/10.1108/S2053-7697201931">https://www.emerald.com/insight/publication/doi/10.1108/S2053-7697201931</a> |